000 00869nam a2200265 a 4500
001 64589
003 BD-RjUL
005 20211209081326.0
008 170216r19391948xxu |||| |||| 001 0 eng d
035 _a(BD-RjUL)64719
040 _aBD-RjUL
_beng
_cBD-RjUL
041 _aeng
082 _223
_a307.760902
_bPIM 1948
100 1 _aPirenne, Henri
_9191562
245 1 0 _aMedieval cities :
_btheir origins and the revival of trade /
_cHenri Pirenne, translated from the french by Frank D. Halsey.
250 _arev. ed.
260 _aPrinceton, N.J. :
_bPrinceton University Press,
_c1939 [printing 1948].
300 _axii, 253 p.
_c19 cm.
500 _aIncludes index.
650 _aCities and towns, Medieval
_9171184
650 _aCommerce
_xHistory.
_zEurope
_9191563
650 _aCommerce.
_9174075
700 _aHalsey, Frank D.
_9191564
942 _2ddc
_cBK
999 _c64589
_d64589